Shared Name with a TV Character IV Quiz Stats

 Plays Quiz Updated Apr 24, 2018

Score 0/25 Timer 06:00
1 Play Today
% Correct
Jack Black ---- Dr. Jack Shepard (Lost)
95.1%
Will Ferrell ---- Will Truman (Will & Grace)
94.1%
Monica Bellucci ---- Monica Geller (Friends)
90.4%
Jim Carrey ---- Jim Halpert (The Office)
88.7%
Emma Watson ---- Emma Swan (Once Upon a Time)
88.5%
Owen Wilson ---- Owen Hunt (Grey's Anatomy)
87.8%
Eddie Murphy ---- Eddie Winslow (Family Matters)
85.1%
Amy Adams ---- Amy Farrah Fowler (The Big Bang Theory)
84.9%
Serena Williams ---- Serena van der Woodsen (Gossip Girl)
84.3%
Sam Smith ---- Sam Malone (Cheers)
83.8%
Robert Downey Jr. ---- Robert Crawley (Downton Abbey)
83.3%
Pierce Brosnan ---- Pierce Hawthorne (Community)
79.3%
Dustin Hoffman ---- Dustin Henderson (Stranger Things)
77.6%
% Correct
Tyra Banks ---- Tyra Colette (Friday Night Lights)
73.1%
Jesse Eisenberg ---- Jesse Katsopolis (Full House)
71.4%
Don Johnson ---- Don Draper (Mad Men)
67%
Sally Field ---- Sally Solomon (3rd Rock from the Sun)
66.1%
Dana Carvey ---- Dana Scully (The X-Files)
64.2%
Nick Cannon ---- Nick Miller (New Girl)
56.8%
Willow Smith ---- Willow Rosenberg (Buffy the Vampire Slayer)
56%
Ashley Tisdale ---- Ashley Banks (The Fresh Prince of Bel-Air)
54.7%
Eric Andre ---- Eric Forman (That '70s Show)
53.9%
Shawn Mendes ---- Shawn Hunter (Boy Meets World)
44.8%
Charlie Puth ---- Charlie Kelly (It's Always Sunny in Philadelphia)
42.7%
Michael Fassbender ---- Michael Scofield (Prison Break)
42.5%

You're not logged in!

Compare scores with friends on all Sporcle quizzes.
Join for Free
OR
Log In

You Might Also Like...

Show Comments

Extras

Top Quizzes Today


Score Distribution

Your Account Isn't Verified!

In order to create a playlist on Sporcle, you need to verify the email address you used during registration. Go to your Sporcle Settings to finish the process.

Report this User

Report this user for behavior that violates our Community Guidelines.

Details: